00652nam a2200241 a 4500001001300000003000900013005001700022008004100039020001000080082001500090100002100105245001800126260003700144300000900181500003500190505001400225650002700239700002100266902000800287942000700295952009500302999001300397nice12345678IN_TiNIC20260116011305.0050524s1946 beia grp 000 0 ara  ac10000a232.9bAMI aAmir Kaini Al, P aSeeratul Yesu aBeirutbAmeer Kaniya Pressc1946 a154p aincludes index and biblioraphy2 areference aJesus Christ-Biography1 aAmir Kaini Al, P bSRS cBK 00104070aHMIbHMId2007-06-18g100.00l0o232.9 AMIp4847r2007-06-18w2026-01-16yARB c213d213